000 00740cam a2200205 a 4500
001 vtls003212354
003 MY-SjTCS
005 20200226113957.0
008 110218s2010 nju b s001 0 eng
020 _a9780202363592 (pbk.)
039 9 _a201102221215
_bwilmina
_c201102191107
_dmalathy
_c201102181703
_dVLOAD
_y201011151140
_zmalathy
082 0 0 _a301
_bEVE 2010
245 0 0 _aEveryday life :
_breconstruction of social knowledge /
_cJack D. Douglas, editor.
260 _aNew Brunswick, N.J. :
_bAldineTransaction,
_cc2010.
300 _axii, 358 p. ;
_c23 cm.
504 _aIncludes bibliographical references and index.
650 0 _aKnowledge, sociology of.
_920004
700 1 _aDouglas, Jack D.
_948385
920 _aGENLS : 154550
999 _c124993